[Event "Roncana op-B 13th"]
[Site "Santa Eulalia de Roncana"]
[Date "2019.09.28"]
[Round "1"]
[White "Gomez Rivera, Sergio"]
[Black "Boix Redorta, Roc"]
[Result "1/2-1/2"]
[WhiteElo "1335"]
[BlackElo "1577"]
[PlyCount "37"]
[EventDate "2019.09.28"]
[EventType "swiss"]
[EventRounds "8"]
[EventCountry "ESP"]
[SourceTitle "CBM 193 Extra"]
[Source "ChessBase"]
[SourceDate "2020.01.31"]
[SourceVersion "1"]
[SourceVersionDate "2020.01.31"]
[SourceQuality "1"]

1. d4 Nf6 2. Nc3 d5 3. Nf3 Bf5 4. Bf4 Nh5 5. Bg3 e6 6. a3 Nd7 7. e3 c6 8. Bd3 Bg6 9. e4 Be7 10. exd5 cxd5 11. 0-0 Rc8 12. Rc1 Nxg3 13. fxg3 a6 14. Qd2 Qa5 15. Ne2 Qb6 16. b4 e5 17. Bxg6 hxg6 18. Rf2 Nf6 19. Nxe5 1/2-1/2

[Event "Foment Martinenc op-B 21st"]
[Site "Barcelona"]
[Date "2019.05.04"]
[Round "2"]
[White "Caro Martinez, Ramon"]
[Black "Gomez Rivera, Sergio"]
[Result "1-0"]
[WhiteElo "1740"]
[BlackElo "1354"]
[PlyCount "161"]
[EventDate "2019.04.27"]
[EventType "swiss"]
[EventRounds "9"]
[EventCountry "ESP"]
[SourceTitle "EXT 2020"]
[Source "ChessBase"]
[SourceDate "2019.10.17"]
[SourceVersion "1"]
[SourceVersionDate "2019.10.17"]
[SourceQuality "1"]

1. d4 Nf6 2. Bg5 d5 3. c4 e6 4. e3 c6 5. Nd2 Bb4 6. Ngf3 Nbd7 7. cxd5 exd5 8. Bd3 0-0 9. 0-0 Re8 10. a3 Bd6 11. Rc1 Qc7 12. g3 Ne4 13. Bf4 Bxf4 14. exf4 Ndf6 15. Ne5 Bf5 16. Qc2 Qb6 17. Ndf3 Ng4 18. Bxe4 Nxe5 19. Bxf5 Nxf3+ 20. Kg2 Nxd4 21. Bxh7+ Kh8 22. Qd3 Re2 23. b4 Rae8 24. Rc5 Ne6 25. Rc2 Rxc2 26. Qxc2 c5 27. Qf5 Qc6 28. Qh5 Rd8 29. Bg6+ Kg8 30. Bxf7+ Kf8 31. f5 Nc7 32. Bg6 d4+ 33. Qf3 Qxf3+ 34. Kxf3 c4 35. f6 gxf6 36. Be4 b5 37. h4 c3 38. h5 Ne6 39. Bd3 a6 40. h6 Kg8 41. Ke2 Rd7 42. Bf5 Kf7 43. h7 Rd8 44. Bxe6+ Kxe6 45. Rh1 Rh8 46. Kd3 Ke5 47. Rh5+ f5 48. g4 Kd5 49. Rxf5+ Ke6 50. Rh5 Kf6 51. Kxd4 c2 52. Rc5 Rxh7 53. Rxc2 Rd7+ 54. Ke3 Re7+ 55. Kf3 Re6 56. Rc5 Rd6 57. g5+ Kg6 58. Ke4 Rb6 59. f4 Kf7 60. f5 Kg7 61. Kd5 Kf7 62. Rc6 Rb7 63. Rxa6 Rd7+ 64. Rd6 Rb7 65. Kc6 Rb8 66. Rd7+ Kg8 67. Rb7 Rc8+ 68. Kxb5 Rd8 69. Kc6 Rc8+ 70. Kd7 Rf8 71. f6 Rf7+ 72. Kc8 Rf8+ 73. Kc7 Rf7+ 74. Kc6 Rf8 75. b5 Rc8+ 76. Rc7 Rb8 77. g6 Rd8 78. b6 Kf8 79. b7 Re8 80. Rc8 Rxc8+ 81. bxc8R# 1-0

[Event "Foment Martinenc op-C 20th"]
[Site "Barcelona"]
[Date "2018.06.09"]
[Round "8"]
[White "Gomez Rivera, Sergio"]
[Black "Rodriguez Pinillos, Diana"]
[Result "0-1"]
[WhiteElo "1584"]
[BlackElo "1441"]
[PlyCount "76"]
[EventDate "2018.04.21"]
[EventType "swiss"]
[EventRounds "9"]
[EventCountry "ESP"]
[SourceTitle "CBM 184 Extra"]
[Source "ChessBase"]
[SourceDate "2018.06.28"]
[SourceVersion "1"]
[SourceVersionDate "2018.06.28"]
[SourceQuality "1"]

1. d4 Nf6 2. c4 c5 3. Nf3 g6 4. Nc3 cxd4 5. Nxd4 e5 6. Nf3 Nc6 7. Bg5 Bg7 8. e3 d6 9. Ne4 Qa5+ 10. Nc3 e4 11. Nd2 Qxg5 12. Ndxe4 Nxe4 13. Nxe4 Qa5+ 14. Ke2 Bxb2 15. Rb1 Qxa2 16. Qc2 Bf5 17. Rxb2 Qa6 18. Nxd6+ Ke7 19. Nxf5+ gxf5 20. Kd1 f4 21. Qe4+ Kf8 22. Qxf4 Qa1+ 23. Kc2 Rd8 24. Be2 Qxh1 25. Rxb7 Nb4+ 26. Rxb4 Qa1 27. Bh5 Qa2+ 28. Rb2 Qa4+ 29. Rb3 Qd7 30. e4 Rg8 31. Rf3 Rg7 32. Qh6 Qd1+ 33. Kc3 Qd4+ 34. Kb3 Rb8+ 35. Kc2 Qxc4+ 36. Kd2 Rd8+ 37. Ke1 Qxe4+ 38. Re3 Qb1+ 0-1

[Event "Foment Martinenc op-C 20th"]
[Site "Barcelona"]
[Date "2018.05.12"]
[Round "4"]
[White "Rivas Garcia, Alberto"]
[Black "Gomez Rivera, Sergio"]
[Result "0-1"]
[WhiteElo "1773"]
[BlackElo "1584"]
[PlyCount "50"]
[EventDate "2018.04.21"]
[EventType "swiss"]
[EventRounds "9"]
[EventCountry "ESP"]
[SourceTitle "CBM 184 Extra"]
[Source "ChessBase"]
[SourceDate "2018.06.28"]
[SourceVersion "1"]
[SourceVersionDate "2018.06.28"]
[SourceQuality "1"]

1. c4 e6 2. e4 Nf6 3. d3 Bc5 4. Nc3 0-0 5. Nf3 Nc6 6. d4 Bb6 7. a3 a6 8. c5 Ba7 9. Bg5 d5 10. e5 b6 11. exf6 gxf6 12. Bh6 Re8 13. Ne5 Nxe5 14. dxe5 Kh8 15. Qf3 Rg8 16. exf6 Rg6 17. Bg7+ Kg8 18. Bd3 Rb8 19. Bxg6 fxg6 20. h4 Bb7 21. h5 d4 22. h6 Bxf3 23. gxf3 dxc3 24. Rh4 bxc5 25. Rf4 Qd2+ 0-1

[Event "Roncana op-C 10th"]
[Site "Santa Eulalia de Roncana"]
[Date "2016.11.05"]
[Round "6"]
[White "Fernandez Raya, Santi"]
[Black "Gomez Rivera, Sergio"]
[Result "0-1"]
[WhiteElo "1564"]
[BlackElo "1704"]
[PlyCount "36"]
[EventDate "2016.09.24"]
[EventType "swiss"]
[EventRounds "8"]
[EventCountry "ESP"]
[SourceTitle "EXT 2022"]
[Source "ChessBase"]
[SourceDate "2021.10.06"]
[SourceVersion "1"]
[SourceVersionDate "2021.10.06"]
[SourceQuality "1"]

1. e4 c5 2. Nf3 Nf6 3. Nc3 e6 4. Bb5 a6 5. Ba4 b5 6. Bb3 c4 7. Bxc4 bxc4 8. b3 cxb3 9. cxb3 Bb7 10. d3 Bb4 11. Bd2 Bxc3 12. Bxc3 0-0 13. 0-0 d5 14. exd5 Nxd5 15. Be5 Nc6 16. d4 Nxe5 17. Nxe5 Nf4 18. g3 Nh3# 0-1

[Event "Roncana op-C 10th"]
[Site "Santa Eulalia de Roncana"]
[Date "2016.10.22"]
[Round "5"]
[White "Gomez Rivera, Sergio"]
[Black "Collazo Casals, Marc"]
[Result "1-0"]
[WhiteElo "1704"]
[BlackElo "1297"]
[PlyCount "41"]
[EventDate "2016.09.24"]
[EventType "swiss"]
[EventRounds "8"]
[EventCountry "ESP"]
[SourceTitle "EXT 2022"]
[Source "ChessBase"]
[SourceDate "2021.10.06"]
[SourceVersion "1"]
[SourceVersionDate "2021.10.06"]
[SourceQuality "1"]

1. e4 e6 2. d4 d5 3. exd5 exd5 4. Nc3 Nf6 5. Bg5 Be6 6. Qe2 Nc6 7. Nf3 Be7 8. 0-0-0 0-0 9. Ne5 h6 10. Bh4 a6 11. g3 g5 12. Qe3 Nh7 13. Rg1 Kg7 14. Bd3 Bf6 15. f4 gxh4 16. gxh4+ Kh8 17. Bxh7 Kxh7 18. Qd3+ Kh8 19. Ng6+ fxg6 20. Qxg6 Rg8 21. Qxh6# 1-0

[Event "Roncana op-C 10th"]
[Site "Santa Eulalia de Roncana"]
[Date "2016.10.08"]
[Round "3"]
[White "Gomez Rivera, Sergio"]
[Black "Astasio Cano, Ivan"]
[Result "1-0"]
[WhiteElo "1704"]
[BlackElo "1657"]
[PlyCount "61"]
[EventDate "2016.09.24"]
[EventType "swiss"]
[EventRounds "8"]
[EventCountry "ESP"]
[SourceTitle "EXT 2018"]
[Source "ChessBase"]
[SourceDate "2017.10.13"]
[SourceVersion "1"]
[SourceVersionDate "2017.10.13"]
[SourceQuality "1"]

1. e4 e5 2. Nf3 Nc6 3. Bb5 Nf6 4. Nc3 g6 5. 0-0 Bg7 6. Bxc6 dxc6 7. Nxe5 0-0 8. Re1 Re8 9. Nf3 Bg4 10. h3 Bxf3 11. Qxf3 b5 12. e5 Nd5 13. Nxd5 cxd5 14. d4 c6 15. Bf4 f6 16. exf6 Rxe1+ 17. Rxe1 Bxf6 18. Qe3 Rc8 19. Qe6+ Kf8 20. Bh6+ Bg7 21. Bf4 Bxd4 22. Bd6+ Kg7 23. Qe7+ Kh8 24. Qf7 Qxd6 25. Re7 Qxe7 26. Qxe7 Kg8 27. Qe6+ Kg7 28. Qxc8 Bxb2 29. Qxc6 Ba3 30. Qc3+ d4 31. Qxa3 1-0

[Event "Roncana op-C 10th"]
[Site "Santa Eulalia de Roncana"]
[Date "2016.09.24"]
[Round "1"]
[White "Gomez Rivera, Sergio"]
[Black "Garcia Corominas, Erika"]
[Result "1-0"]
[WhiteElo "1704"]
[BlackElo "1414"]
[PlyCount "135"]
[EventDate "2016.09.24"]
[EventType "swiss"]
[EventRounds "8"]
[EventCountry "ESP"]
[SourceTitle "EXT 2018"]
[Source "ChessBase"]
[SourceDate "2017.10.13"]
[SourceVersion "1"]
[SourceVersionDate "2017.10.13"]
[SourceQuality "1"]

1. e4 e5 2. Nf3 Nc6 3. Bc4 Nf6 4. Nc3 Bc5 5. d3 0-0 6. Bg5 d6 7. Nd5 Bb4+ 8. c3 Bc5 9. Nxf6+ gxf6 10. Bh6 Re8 11. 0-0 Bg4 12. h3 Bh5 13. b4 Bb6 14. b5 Ne7 15. Be3 Ba5 16. Rc1 c6 17. d4 exd4 18. Bxd4 Ng6 19. g4 c5 20. Be3 Rxe4 21. gxh5 Ne7 22. Bd3 Re6 23. Bc2 Bxc3 24. Qd3 Bb2 25. Qxh7+ Kf8 26. Qh8+ Ng8 27. Bh6+ Ke7 28. Rce1 Rxe1 29. Rxe1+ Kd7 30. Bf5+ Kc7 31. Bd2 Be5 32. Nxe5 dxe5 33. Rd1 Qf8 34. f4 exf4 35. Bxf4+ Kb6 36. Rd7 Qe8 37. Bc7+ Kxb5 38. Rd2 Qe3+ 39. Rf2 Ne7 40. Qxf6 Rc8 41. Qb2+ Kc6 42. Bxc8 Nxc8 43. Qf6+ Kxc7 44. Qf4+ Qxf4 45. Rxf4 Nd6 46. h6 Kb6 47. h7 Kb5 48. h8Q c4 49. Qb2+ Kc5 50. Qa3+ Kd5 51. Qa5+ Nb5 52. Qxb5+ Kd6 53. Qxc4 b6 54. Rxf7 a5 55. Qf4+ Kc6 56. Rf5 Kb7 57. a4 Ka6 58. Qc4+ Kb7 59. Rxa5 bxa5 60. Qe6 Kc7 61. Kf2 Kb7 62. Qd6 Ka8 63. Qd7 Kb8 64. Ke3 Ka8 65. Kd4 Kb8 66. Kc5 Ka8 67. Kb6 Kb8 68. Qb7# 1-0

[Event "Roncana op-C 8th"]
[Site "Santa Eulalia de Roncana"]
[Date "2014.11.01"]
[Round "3"]
[White "Filipenko, Yan"]
[Black "Gomez Rivera, Sergio"]
[Result "1-0"]
[WhiteElo "1700"]
[BlackElo "1713"]
[PlyCount "99"]
[EventDate "2014.10.11"]
[EventType "swiss"]
[EventRounds "8"]
[EventCountry "ESP"]
[SourceTitle "EXT 2016"]
[Source "ChessBase"]
[SourceDate "2015.10.08"]
[SourceVersion "1"]
[SourceVersionDate "2015.10.08"]
[SourceQuality "1"]

1. e4 e5 2. Nf3 Nc6 3. Bb5 a6 4. Bxc6 bxc6 5. 0-0 Nf6 6. Nc3 Bc5 7. d4 exd4 8. Nxd4 Bxd4 9. Qxd4 0-0 10. Bg5 h6 11. Bh4 Rb8 12. e5 Rxb2 13. exf6 g5 14. Ne4 gxh4 15. Qxb2 d5 16. Nd2 Re8 17. Rfe1 Rxe1+ 18. Rxe1 Kh8 19. Qe5 Qg8 20. Qe8 Bf5 21. Qxg8+ Kxg8 22. c3 Bd7 23. Re7 h3 24. gxh3 Bxh3 25. Rxc7 Bg4 26. Nb3 Bd1 27. Nd4 Ba4 28. Nxc6 Bxc6 29. Rxc6 Kh7 30. Rxa6 h5 31. Rd6 Kg6 32. Rxd5 Kxf6 33. Rxh5 Kg6 34. Rd5 f5 35. a4 Kf6 36. Rd1 f4 37. a5 f3 38. a6 Kf5 39. a7 Kf4 40. a8R Kg4 41. c4 Kh3 42. c5 Kg4 43. c6 Kf5 44. c7 Kg4 45. c8Q+ Kh4 46. Rd4+ Kg5 47. Rd5+ Kg6 48. Qc6+ Kf7 49. Ra7+ Kf8 50. Rd8# 1-0